[Event "Kishinev Ghimpu Memorial op"]
[Site "Kishinev"]
[Date "2012.11.12"]
[Round "6"]
[White "Sitov, Daniel"]
[Black "Martev, Alexandr"]
[Result "0-1"]
[WhiteElo "1590"]
[BlackElo "2028"]
[PlyCount "52"]
[EventDate "2012.11.09"]
[EventType "swiss"]
[EventRounds "9"]
[EventCountry "MDA"]
[SourceTitle "EXT 2014"]
[Source "ChessBase"]
[SourceDate "2013.11.20"]
[SourceVersion "1"]
[SourceVersionDate "2013.11.20"]
[SourceQuality "1"]

1. e4 d5 2. exd5 Nf6 3. Nc3 Nxd5 4. Nxd5 Qxd5 5. Qf3 Be6 6. c4 Qe5+ 7. Be2 Nc6 8. Qe3 0-0-0 9. Nf3 Qxe3 10. fxe3 f6 11. d4 Bg4 12. h3 Bf5 13. a3 Na5 14. b4 Nb3 15. Ra2 Nxc1 16. Rb2 Nxe2 17. Kxe2 Be4 18. Ne1 e6 19. Rf1 c6 20. a4 Bd6 21. g4 e5 22. b5 exd4 23. bxc6 bxc6 24. exd4 Rhe8 25. Kd2 a5 26. c5 Bxc5 0-1

[Event "Kishinev Ghimpu Memorial op"]
[Site "Kishinev"]
[Date "2012.11.10"]
[Round "4"]
[White "Ursu, Ana Maria"]
[Black "Martev, Alexandr"]
[Result "1-0"]
[WhiteElo "1865"]
[BlackElo "2028"]
[PlyCount "77"]
[EventDate "2012.11.09"]
[EventType "swiss"]
[EventRounds "9"]
[EventCountry "MDA"]
[SourceTitle "EXT 2014"]
[Source "ChessBase"]
[SourceDate "2013.11.20"]
[SourceVersion "1"]
[SourceVersionDate "2013.11.20"]
[SourceQuality "1"]

1. c4 e6 2. Nf3 d5 3. b3 Nf6 4. g3 g6 5. Bb2 Bg7 6. Bg2 0-0 7. 0-0 c6 8. d3 Nbd7 9. Nbd2 Re8 10. Qc2 Qe7 11. e4 dxe4 12. dxe4 e5 13. Rac1 c5 14. Nb1 Qd8 15. Rcd1 Qc7 16. Nc3 a6 17. Nd5 Nxd5 18. cxd5 Qd6 19. Nd2 b5 20. a4 Nb6 21. Rc1 c4 22. axb5 axb5 23. bxc4 bxc4 24. Qc3 Na4 25. Nxc4 Nxc3 26. Nxd6 Ne2+ 27. Kh1 Nxc1 28. Nxe8 Nd3 29. Bc3 Ra3 30. Bd2 Ba6 31. Kg1 Bf8 32. Nf6+ Kg7 33. Nd7 Bd6 34. Rb1 Bc4 35. Be3 Nb4 36. Bf1 Bb3 37. Bc5 Bxc5 38. Nxc5 Bc2 39. Rxb4 1-0